000 00419nam a2200181Ia 4500
001 7291
005 20260306160444.0
008 260306t2006||||xx |||||||||||||| ||spa||
041 _aESP
082 _a338.5
_bG77 2006
100 _aGraue Russek, Ana Luisa
_eAUT
245 0 _aMicroeconomía:
_benfoque de negocios
260 _c2006
300 _a
_c
650 _aGEN
654 _aCAN
942 _cLIB
_dJUS
_fJUS
_2ddc
_n
999 _c7291
_d7291